01582aab a2200217 i 4500001001000000003001000010005001700020008004100037040001900078100003000097245004800127300007800175520080900253650002601062653002901088773012001117942000801237945001201245952009001257999001701347768714001CO-MdFUSB20250729152351.0250729t1993 ag ||||| |||| 00| 0 spa d bspacCO-MdFUSB1 aPadilla, C. Renéeautor10aMisión y comunicaciónc/ René Padilla aVolumen 12, número 3 (julio - septiembre, 1993), páginas 4-5c; 27 cm aLos medios de comunicación social han sido fundamentales en la formación del mundo moderno, al difundir valores y actitudes propios de la sociedad contemporánea. Desde una perspectiva cristiana, la comunicación tiene su origen en Dios, quien se revela a través de la palabra y la acción, culminando en la encarnación de Jesucristo como el modelo perfecto de comunicación basada en la verdad, el amor, la justicia y la libertad. Esta visión plantea un desafío: ¿es posible comunicar el evangelio mediante medios que suelen ser impersonales, manipuladores y orientados al consumo? Mientras los medios modernos tienden al monólogo y a condicionar conductas, el evangelio demanda una comunicación personal y transformadora, que despierte una respuesta consciente al llamado de Dios. 0aEvangelización9362 aMedios de comunicación0 tIglesia y Misión049402959656gVolumen 12, número 3 (julio - septiembre, 1993), páginas: 4 - 5qpáginas: 4 cANA aJTF-925 001040708HEMaFUSBCbFUSBCd2016-01-26l0o r2016-01-26 00:00:00w2016-01-26yANA c52001d52001